Rast priemernej hodnoty koša zaznamenalo osem reťazcov

Počas mesiacov jún a júl vzrástla priemerná hodnota spotrebného koša o 1,59 % v porovnaní s obdobím apríl - máj. Vývoj cien spotrebného koša v maloobchodných reťazcoch na Slovensku.

Salvato in:
Dettagli Bibliografici
Natura: Capitolo di libro
Lingua:slovacco
Soggetti:
Tags: Aggiungi Tag
Nessun Tag, puoi essere il primo ad aggiungerne!!

MARC

LEADER 00000naa a2200000 4500
001 0223642
005 20221104112443.4
041 0 |a slo 
044 |a CZ 
245 1 0 |a Rast priemernej hodnoty koša zaznamenalo osem reťazcov 
520 |a Počas mesiacov jún a júl vzrástla priemerná hodnota spotrebného koša o 1,59 % v porovnaní s obdobím apríl - máj. Vývoj cien spotrebného koša v maloobchodných reťazcoch na Slovensku. 
610 2 0 |a reťazce obchodné 
610 2 0 |a maloobchod 
610 2 0 |a kôš spotrebný 
610 2 0 |a výrobky 
610 2 0 |a ceny maloobchodné 
610 2 0 |a Slovensko